000 00788nam a2200241 i 4500
001 28615
003 ES-MaACL
005 20250727034604.0
007 t|
008 030117s1960 sp ||||1| spa d
100 1 _aAzpiazu, Joaquín.
_924351
245 1 0 _aDirecciones pontificias en el orden social /
_cpor Joaquín Azpiazu.
250 _a8ª ed., puesta al día.
260 _aMadrid :
_bCompañía Bibliográfica Española,
_c1960.
300 _a670 p. ;
_c25 cm.
490 1 _aBiblioteca Fomento Social
650 7 _aIglesia y problemas sociales
_2embne
_913569
710 2 _aCompañía Bibliográfica Española.
_9171207
710 2 _aFomento Social (Madrid)
_9171603
830 1 _aBiblioteca Fomento Social
_9181200
852 _aES-MaACL
_jC-835
999 _c28615
_d28615